000 00663nam a2200181 i 4500
001 161212
003 ES-MaACL
005 20250809033520.0
008 990906s1896 fr |||| | fre d
040 _aCCPB | B
_bspa
_cCCPB | B
100 1 _aSawas Pacha, Jean.
_988113
245 1 3 _aLe droit musulman expliqué
_b: réponse à un article de M. Ignace Goldziher,... paru dans le "Byzantinische Zeitschrift", II, 2, p. 317-325, 1893 /
_cpar Sawas Pacha.
260 _aParis :
_bMarchal et Billard,
_c1896.
300 _a161 p. ;
_c19 cm.
650 7 _aDerecho musulmán
_2embne
_911742
852 _aES-MaACL
_jF-3224
_z-- Enc. hol.
999 _c161212
_d161212